Jaro. ilustrace Marie Preclíková] /

Main Author: Undset, Sigrid, 1882-1949
Other Authors: Köllnová-Ehrmannová, Božena, 1929-2006, Preclíková, Marie, 1949-
Language: Czech
Published: Třebíč : Blok, 2001
Edition: Ve Vydavatelství Blok vyd. 1
Physical Description: 354 s. ; 21 cm
Book
Saved in:
LEADER 01097nam a2200313 a 4500
001 000570272
003 CZ BrMZK
005 20220117192047.0
007 ta
008 000115s2001 xr g f cze d
015 |a cnb001009145 
020 |a 80-7268-108-7 
040 |a BOA001  |b cze 
041 1 |a cze  |h nor 
072 7 |a 821.11  |x Germánské literatury  |2 Konspekt  |9 25 
080 |a 821.113.5-31  |2 MRF 
080 |a (0:82-31)  |2 MRF 
100 1 |a Undset, Sigrid,  |d 1882-1949  |7 jn19990008691  |4 aut 
245 1 0 |a Jaro.  |n ilustrace Marie Preclíková] /  |c Sigrid Undsetová ; [z norštiny přeložila Božena Kollnová 
250 |a Ve Vydavatelství Blok vyd. 1 
260 |a Třebíč :  |b Blok,  |c 2001 
300 |a 354 s. ;  |c 21 cm 
655 7 |a norské romány  |7 fd132917  |2 czenas 
700 1 |a Köllnová-Ehrmannová, Božena,  |d 1929-2006  |7 jk01061373  |4 trl 
700 1 |a Preclíková, Marie,  |d 1949-  |7 jx20050601048  |4 ill 
765 0 |t Vårená  |9 Česky 
910 |a BOA001  |b 2-1089.763 
990 |a BK 
996 6 |b 2610141772  |c 2-1089.763  |l MZK  |r Sklad / do 1 hodiny  |n 6  |p p.v.  |w 000570272  |u 000010  |a 1  |e BOA001  |j MZK50  |s P